[Event "4NCL Division Four"]
[Site "Telford, ENG"]
[Date "2024.05.04"]
[Round "9.91"]
[White "Jayawarna, Thisumi"]
[Black "Hymer, Barry"]
[Result "1/2-1/2"]
[WhiteElo "1753"]
[BlackElo "1984"]
[PlyCount "45"]
[EventDate "2024.05.04"]
[WhiteTeam "She Plays To Win Young Stars A"]
[BlackTeam "Lancaster"]

1. e4 d6 2. d4 Nf6 3. Nc3 e5 4. Nf3 Nbd7 5. Bc4 Be7 6. a4 O-O 7. O-O c6 8. Re1
h6 9. h3 Re8 10. Be3 exd4 11. Qxd4 Nf8 12. Rad1 Be6 13. Bf4 Qa5 14. Nd2 Qb4 15.
Qd3 d5 16. Bb3 Rad8 17. Qf3 d4 18. Ne2 d3 19. c3 Qb6 20. Nd4 Bxb3 21. N4xb3 Ne6
22. Be3 c5 23. Qf5 1/2-1/2

[Event "4NCL Division Four"]
[Site "Telford, ENG"]
[Date "2024.05.04"]
[Round "9.92"]
[White "Seery, Philip T"]
[Black "Mehta, Sophie"]
[Result "1-0"]
[WhiteElo "1979"]
[BlackElo "1693"]
[PlyCount "101"]
[EventDate "2024.05.04"]
[WhiteTeam "Lancaster"]
[BlackTeam "She Plays To Win Young Stars A"]

1. d4 Nf6 2. c4 e5 3. dxe5 Ng4 4. Bf4 Nc6 5. Nf3 Bb4+ 6. Nbd2 Qe7 7. e3 Ngxe5
8. Nxe5 Nxe5 9. Be2 d6 10. O-O O-O 11. Nb3 Bf5 12. a3 Bc5 13. Nxc5 dxc5 14. Qd5
Rfe8 15. Rfd1 b6 16. Bxe5 Qxe5 17. Bf3 Be4 18. Qxe5 Rxe5 19. Rd7 Bxf3 20. gxf3
Rc8 21. Rad1 Kf8 22. f4 Re7 23. Kg2 Rxd7 24. Rxd7 Ke8 25. Rd3 Rd8 26. Rxd8+
Kxd8 27. e4 Ke7 28. Kg3 Ke6 29. Kg4 c6 30. a4 a6 31. h4 b5 32. b3 Kd6 33. Kf5
Kc7 34. Ke5 Kd7 35. h5 h6 36. Kf5 Kc7 37. e5 Kd7 38. Ke4 g6 39. hxg6 fxg6 40.
f5 g5 41. Kf3 Ke7 42. Kg4 Kf7 43. Kh5 Kg7 44. f6+ Kf7 45. Kxh6 Ke6 46. Kxg5
Kxe5 47. f7 Kd4 48. axb5 axb5 49. cxb5 cxb5 50. f8=Q c4 51. Qb4 1-0

[Event "4NCL Division Four"]
[Site "Telford, ENG"]
[Date "2024.05.04"]
[Round "9.93"]
[White "Keen, Maya"]
[Black "McMenamin, Danny"]
[Result "0-1"]
[WhiteElo "1659"]
[BlackElo "1909"]
[PlyCount "140"]
[EventDate "2024.05.04"]
[WhiteTeam "She Plays To Win Young Stars A"]
[BlackTeam "Lancaster"]

1. d4 Nf6 2. c4 e6 3. Nc3 Bb4 4. a3 Bxc3+ 5. bxc3 c5 6. e3 Nc6 7. Nf3 O-O 8.
Bd3 d6 9. e4 e5 10. d5 Na5 11. Bg5 b6 12. O-O h6 13. Bh4 Kh8 14. Nd2 g5 15. Bg3
Rg8 16. Be2 Qf8 17. h3 Qg7 18. Bg4 Qg6 19. Qf3 Nxg4 20. hxg4 Ba6 21. Qe2 Kg7
22. f3 Rh8 23. Kf2 h5 24. Rh1 hxg4 25. fxg4 Rh6 26. Rh3 Rah8 27. Rah1 f6 28.
Kg1 Qe8 29. Rxh6 Rxh6 30. Rxh6 Kxh6 31. Qf1 Kg7 32. Kh2 Qc8 33. Qe2 Qh8+ 34.
Kg1 Qe8 35. Qf1 Qd7 36. Qf5 Qxf5 37. gxf5 Bxc4 38. Kf2 Kh6 39. Kf3 Bb3 40. Ke3
Bc2 41. Bh2 b5 42. Bg3 Kg7 43. Bh2 Kf7 44. Bg3 Ke7 45. Bf2 Kd7 46. Bg1 Kc7 47.
Ke2 Kb6 48. Bf2 Nc4 49. Nxc4+ bxc4 50. Kf3 a5 51. Be3 g4+ 52. Kxg4 Bxe4 53. g3
Kc7 54. Bh6 Kd7 55. Bf8 a4 56. Bg7 Ke7 57. Bh6 Bxd5 58. Kh5 Kf7 59. g4 Bf3 60.
Kh4 d5 61. g5 fxg5+ 62. Bxg5 d4 63. Kg3 Be4 64. cxd4 cxd4 65. Kf2 Bxf5 66. Ke2
Ke6 67. Kd2 Kd5 68. Kc1 c3 69. Bh4 d3 70. Be1 d2+ 0-1

[Event "4NCL Division Four"]
[Site "Telford, ENG"]
[Date "2024.05.04"]
[Round "9.94"]
[White "Lyth, John D"]
[Black "Singh, Avyanna"]
[Result "1/2-1/2"]
[WhiteElo "1878"]
[BlackElo "1612"]
[PlyCount "140"]
[EventDate "2024.05.04"]
[WhiteTeam "Lancaster"]
[BlackTeam "She Plays To Win Young Stars A"]

1. d4 d5 2. Nf3 Nf6 3. c4 e6 4. g3 c5 5. Bg2 Nc6 6. O-O Be7 7. Nc3 O-O 8. cxd5
exd5 9. Bg5 Bf5 10. dxc5 d4 11. Na4 b5 12. cxb6 axb6 13. b3 h6 14. Bf4 Ba3 15.
Bc1 Bb4 16. Bd2 Be7 17. Nb2 Rc8 18. Nd3 Qd7 19. Nfe5 Nxe5 20. Nxe5 Qe6 21. Nd3
Rfe8 22. Nf4 Qd7 23. e3 b5 24. exd4 Qxd4 25. Be3 Qb4 26. Nd5 Qa3 27. Nxe7+ Qxe7
28. Qd4 Qe6 29. Rfc1 Ng4 30. Bf4 Rcd8 31. Qc5 b4 32. Bf1 Be4 33. Qxb4 Qg6 34.
Rd1 Nf6 35. a4 Nh5 36. Rd6 Rxd6 37. Bxd6 Qf6 38. Re1 Qf3 39. Rxe4 Qxe4 40. Qxe4
Rxe4 41. Bc4 Nf6 42. a5 Re1+ 43. Kg2 Ra1 44. a6 Ne8 45. Bb8 Nf6 46. b4 Nd7 47.
Bf4 Kf8 48. Be3 Ke7 49. a7 Kd6 50. Bxf7 Ra3 51. Bh5 Nf6 52. Bf3 Nd5 53. b5
Nxe3+ 54. fxe3 Rxa7 55. b6 Ra3 56. b7 Kc7 57. Kf2 Ra2+ 58. Kg1 g6 59. h4 Rb2
60. Bg2 Kd6 61. Kh2 Ke5 62. Kh3 h5 63. Bf3 Kf5 64. Bc6 g5 65. hxg5 Kxg5 66. Bf3
Rb6 67. Bd5 Rb5 68. Bf3 Rb3 69. Bd5 Rb6 70. Bf3 Rb3 $11 1/2-1/2

[Event "4NCL Division Four"]
[Site "Telford, ENG"]
[Date "2024.05.04"]
[Round "9.95"]
[White "Wilson, Florence"]
[Black "Walsh, Richard"]
[Result "0-1"]
[WhiteElo "1634"]
[BlackElo "1759"]
[PlyCount "66"]
[EventDate "2024.05.04"]
[WhiteTeam "She Plays To Win Young Stars A"]
[BlackTeam "Lancaster"]

1. e4 c6 2. Nf3 d5 3. Nc3 dxe4 4. Nxe4 Nf6 5. Nxf6+ gxf6 6. d4 Bg4 7. Be2 Qc7
8. Be3 e6 9. Qd2 Bd6 10. h3 Bh5 11. g4 Bg6 12. Nh4 Be4 13. f3 Bg3+ 14. Bf2
Bxf2+ 15. Kxf2 Bg6 16. f4 Be4 17. Rhe1 Nd7 18. Bf1 Bxc2 19. Qxc2 Qxf4+ 20. Nf3
O-O-O 21. b4 h5 22. Re4 Qc7 23. Rc1 hxg4 24. hxg4 f5 25. gxf5 Nf6 26. Rh4 Rxh4
27. Nxh4 Qh2+ 28. Ng2 Rxd4 29. b5 Ng4+ 30. Kf3 Qh3+ 31. Ke2 Qg3 32. Qd2 Qf2+
33. Kd1 Qxd2# 0-1

[Event "4NCL Division Four"]
[Site "Telford, ENG"]
[Date "2024.05.04"]
[Round "9.96"]
[White "Chan, Tak-Shing"]
[Black "Sengupta, Sohana"]
[Result "0-1"]
[WhiteElo "1729"]
[BlackElo "1575"]
[PlyCount "58"]
[EventDate "2024.05.04"]
[WhiteTeam "Lancaster"]
[BlackTeam "She Plays To Win Young Stars A"]

1. d4 d5 2. Nf3 Nf6 3. Bf4 Bg4 4. e3 c5 5. c3 Qb6 6. b3 e6 7. Be2 h6 8. Nbd2
Be7 9. h3 Bf5 10. O-O Nc6 11. Re1 O-O 12. Ne5 Rac8 13. Bd3 Bxd3 14. Nxd3 Qa5
15. Nb1 Ne4 16. dxc5 Bf6 17. b4 Qb5 18. a4 Qc4 19. Nb2 Nxc3 20. Nxc4 Nxd1 21.
Ra3 dxc4 22. Rxd1 Nxb4 23. Rc1 Bb2 24. Rxc4 Bxa3 25. Nxa3 Na6 26. a5 Rfd8 27.
Nb5 Rxc5 28. Rxc5 Nxc5 29. Nxa7 Ra8 0-1

[Event "4NCL Division Four"]
[Site "Telford, ENG"]
[Date "2024.05.04"]
[Round "9.101"]
[White "Flynn, David"]
[Black "Scott, Jane"]
[Result "0-1"]
[WhiteElo "1933"]
[BlackElo "1579"]
[PlyCount "56"]
[EventDate "2024.05.04"]
[WhiteTeam "Ashfield 2"]
[BlackTeam "She Plays To Win Young Stars B"]

1. e4 e5 2. Nf3 Nc6 3. d4 exd4 4. Nxd4 Bc5 5. Nb3 Bb6 6. Nc3 Nf6 7. Qe2 O-O 8.
Bg5 Nd4 9. Qd2 Nxb3 10. axb3 h6 11. Be3 Bxe3 12. Qxe3 Re8 13. f3 b6 14. O-O-O
Bb7 15. g4 d6 16. g5 hxg5 17. Qxg5 Nh7 18. Qd2 Qg5 19. f4 Qg6 20. Bd3 Qh6 21.
Kb1 Nf6 22. Rde1 d5 23. e5 d4 24. Ne4 Nxe4 25. Bxe4 Bxe4 26. Rxe4 Qc6 27. Qxd4
Rad8 28. Qe3 f5 0-1

[Event "4NCL Division Four"]
[Site "Telford, ENG"]
[Date "2024.05.04"]
[Round "9.102"]
[White "Eccleston, Bryony"]
[Black "Gunarathne, Senith Thenula"]
[Result "0-1"]
[WhiteElo "1591"]
[BlackElo "1940"]
[PlyCount "142"]
[EventDate "2024.05.04"]
[WhiteTeam "She Plays To Win Young Stars B"]
[BlackTeam "Ashfield 2"]

1. e4 c5 2. d4 cxd4 3. c3 Nf6 4. e5 Nd5 5. cxd4 e6 6. a3 d6 7. Nd2 Qa5 8. Ngf3 Nc6 9. g3 dxe5 10. dxe5 Nb6 11. Qe2 Nd7 12. Qb5 Qc7 13. Nc4 a6 14. Qb3 b5 15. Nd6+ Bxd6 16. exd6 Qxd6 17. Bg2 Nc5 18. Qc3 O-O 19. O-O Bb7 20. Bf4 Qe7 21. Rac1 Na4 22. Qc2 Rac8 23. Qb1 Nb6 24. Be3 Nc4 25. Bf4 h6 26. g4 Qf6 27. Bg3 Qxb2 28. Qxb2 Nxb2 29. Ne5 Na5 30. Nf3 Nbc4 31. Rfd1 Nb3 32. Rb1 Bxf3 33. Bxf3 Nbd2 34. Bb7 Nxb1 35. Bxc8 Rxc8 36. Rxb1 Rd8 37. Bf4 Rd4 38. Bg3 Nxa3 39. Ra1 b4 40. h3 Rd2 41. Bc7 Rc2 42. Ba5 b3 43. Rxa3 b2 44. Rb3 Rc1+ 45. Kg2 b1=Q 46. Rxb1 Rxb1 47. Kf3 Rb5 48. Bd2 a5 49. Ke2 a4 50. Bc1 Rb3 51. h4 a3 52. Bf4 Rb2+ 53. Kf3 a2 54. Be5 a1=Q 55. Bxb2 Qxb2 56. Kg3 Qd4 57. f3 Qg1+ 58. Kf4 Qh2+ 59. Ke4 Qxh4 60. Kf4 Kh7 61. Ke5 Qg3+ 62. f4 Qxg4 63. Ke4 Kg6 64. Ke5 f6+ 65. Kd6 h5 66. Ke7 h4 67. f5+ Qxf5 68. Kf8 Qd5 69. Ke7 h3 70. Ke8 h2 71. Kf8 Qd8# 0-1

[Event "4NCL Division Four"]
[Site "Telford, ENG"]
[Date "2024.05.04"]
[Round "9.103"]
[White "Radford, Mark Sr"]
[Black "Wilde, Grace"]
[Result "1-0"]
[WhiteElo "1753"]
[BlackElo "1567"]
[PlyCount "113"]
[EventDate "2024.05.04"]
[WhiteTeam "Ashfield 2"]
[BlackTeam "She Plays To Win Young Stars B"]

1. d4 d5 2. c4 c6 3. Nf3 Nf6 4. Nc3 Bf5 5. cxd5 cxd5 6. Qb3 b6 7. Bg5 e6 8. e3 Nbd7 9. Bb5 Be7 10. Ne5 O-O 11. Nc6 Qe8 12. Ba6 Nb8 13. Nxb8 Rxb8 14. Bf4 Qd7 15. Bxb8 Rxb8 16. Nb5 Ne4 17. f3 Nd6 18. O-O Nxb5 19. Bxb5 Qd6 20. Rac1 Qb4 21. Qxb4 Bxb4 22. Rfd1 h6 23. a3 Bd6 24. Rc6 Rd8 25. Bd3 Kf8 26. Bxf5 exf5 27. Rdc1 Ke7 28. Rc8 Kd7 29. Rxd8+ Kxd8 30. h3 Kd7 31. Kf2 h5 32. g4 fxg4 33. hxg4 h4 34. f4 f6 35. Kf3 g5 36. f5 Bg3 37. Rc2 a6 38. a4 Bc7 39. b3 a5 40. Re2 Kc6 41. e4 Bf4 42. e5 fxe5 43. dxe5 Kd7 44. e6+ Ke8 45. Re1 d4 46. Ke4 Ke7 47. Kxd4 Bd6 48. Kd5 Bc5 49. Rf1 Kf6 50. Ke4 Bb4 51. Rd1 Bc5 52. Rd7 Be7 53. Kf3 h3 54. Kg3 Bc5 55. Kxh3 Bb4 56. Rf7+ Ke5 57. e7 1-0

[Event "4NCL Division Four"]
[Site "Telford, ENG"]
[Date "2024.05.04"]
[Round "9.104"]
[White "Shiva, Shrishti"]
[Black "Taylor, Robert P"]
[Result "1/2-1/2"]
[WhiteElo "1604"]
[BlackElo "1750"]
[PlyCount "103"]
[EventDate "2024.05.04"]
[WhiteTeam "She Plays To Win Young Stars B"]
[BlackTeam "Ashfield 2"]

1. e4 e5 2. Nc3 Bc5 3. Nf3 Nc6 4. Bc4 d6 5. h3 h6 6. d3 Nf6 7. Be3 Nd4 8. O-O c6 9. Bxd4 exd4 10. Ne2 b5 11. Bb3 Qb6 12. c3 dxc3 13. bxc3 Ba3 14. Bxf7+ Kxf7 15. Qb3+ Be6 16. Qxa3 Rhe8 17. Qxd6 Rad8 18. Qf4 Kg8 19. Ned4 Bc8 20. Rfd1 Nd7 21. Qd6 Ne5 22. Qa3 Ng6 23. Qb3+ Kh7 24. a4 a6 25. axb5 axb5 26. Qa2 Re7 27. Qa8 Bb7 28. Qa7 Qc7 29. Qc5 Ne5 30. Qa3 Nxf3+ 31. Nxf3 Red7 32. Nd4 Qe5 33. Qc1 c5 34. f4 Qe8 35. Nb3 Qe7 36. Qe3 Rc7 37. Rac1 Qd6 38. d4 cxd4 39. cxd4 Rxc1 40. Rxc1 Qa3 41. Rc3 b4 42. Rd3 Ba6 43. Rd1 Bc4 44. Rb1 Qa2 45. Nd2 b3 46. Qc3 Rc8 47. Qb2 Bd3 48. Qxa2 bxa2 49. Ra1 Rc2 50. Kf2 Bxe4 51. g3 Bd5 52. Ke3 1/2-1/2

[Event "4NCL Division Four"]
[Site "Telford, ENG"]
[Date "2024.05.04"]
[Round "9.105"]
[White "Graham, Neil"]
[Black "Lowe, Catherine"]
[Result "1-0"]
[WhiteElo "1749"]
[BlackElo "1413"]
[PlyCount "81"]
[EventDate "2024.05.04"]
[WhiteTeam "Ashfield 2"]
[BlackTeam "She Plays To Win Young Stars B"]

1. d4 Nf6 2. f3 d5 3. e4 dxe4 4. Nc3 exf3 5. Nxf3 g6 6. Bc4 Bg7 7. O-O O-O 8. Bf4 Bf5 9. Qd2 c6 10. h3 Nbd7 11. Nh4 Be4 12. Rae1 Bd5 13. Nxd5 cxd5 14. Bd3 Nb6 15. c3 Qd7 16. Bh6 Rac8 17. Nf5 e6 18. Nxg7 Ne8 19. Nxe8 Rfxe8 20. Qg5 Qe7 21. Qe5 f5 22. Bb5 Nd7 23. Qxe6+ Qxe6 24. Rxe6 Red8 25. Bxd7 Rxd7 26. Rfe1 Kf7 27. Bg5 Rcc7 28. Re8 b6 29. Rh8 h5 30. Rh7+ Kf8 31. Bh6+ Kg8 32. Rxd7 Rxd7 33. Re6 Kf7 34. Rc6 Re7 35. Kf2 Rd7 36. Bf4 b5 37. Rc7 Rxc7 38. Bxc7 a6 39. Bd8 Kg7 40. Kf3 Kh6 41. Kf4 1-0

[Event "4NCL Division Four"]
[Site "Telford, ENG"]
[Date "2024.05.04"]
[Round "9.111"]
[White "Williams, Ana"]
[Black "Morrison, Munroe L"]
[Result "1-0"]
[WhiteElo "1932"]
[BlackElo "1701"]
[PlyCount "43"]
[EventDate "2024.05.04"]
[WhiteTeam "She Plays To Win Uni"]
[BlackTeam "War and Piece B"]

1. e4 d6 2. d4 Nf6 3. Nc3 Nbd7 4. Nf3 e5 5. Bc4 Be7 6. Bxf7+ Kxf7 7. Ng5+ Kg8 8. Ne6 Qe8 9. Nxc7 Qg6 10. O-O Rb8 11. dxe5 Nxe5 12. f4 Nf7 13. N7d5 Nxd5 14. Nxd5 Qe6 15. f5 Qd7 16. f6 gxf6 17. Rxf6 Kg7 18. Rxf7+ Kxf7 19. Qh5+ Kg8 20. Bh6 Bd8 21. Rf1 Qg4 22. Rf8# 1-0

[Event "4NCL Division Four"]
[Site "Telford, ENG"]
[Date "2024.05.04"]
[Round "9.112"]
[White "Woolf, Ben"]
[Black "Wabuti, Rose"]
[Result "0-1"]
[WhiteElo "1622"]
[BlackElo "1756"]
[PlyCount "82"]
[EventDate "2024.05.04"]
[WhiteTeam "War and Piece B"]
[BlackTeam "She Plays To Win Uni"]

1. e4 e6 2. b3 d5 3. Bb2 dxe4 4. Nc3 Nf6 5. Qe2 Bb4 6. O-O-O Qe7 7. Nxe4 Nxe4 8. Qxe4 O-O 9. Kb1 Ba3 10. Ba1 Nc6 11. d4 Nb4 12. Nf3 a5 13. Bd3 Nxd3 14. Rxd3 a4 15. h4 axb3 16. cxb3 h6 17. g4 f5 18. Qe2 b6 19. Ne5 Qe8 20. g5 Ba6 21. gxh6 Bxd3+ 22. Qxd3 gxh6 23. h5 Kh7 24. Qc3 Bd6 25. Ng6 Rf7 26. f4 Qb5 27. Rg1 Bb4 28. Qg3 Rg8 29. d5 Qxd5 30. Nf8+ Rfxf8 31. Qg7+ Rxg7 32. Rxg7+ Kh8 33. Rg6+ e5 34. Bxe5+ Qxe5 35. fxe5 Kh7 36. Kc2 Re8 37. e6 Be7 38. Kd3 Rg8 39. Rxg8 Kxg8 40. Ke3 Kg7 41. Kf4 Kf6 0-1

[Event "4NCL Division Four"]
[Site "Telford, ENG"]
[Date "2024.05.04"]
[Round "9.113"]
[White "Desheva, Evie"]
[Black "Chapman, Chas"]
[Result "1-0"]
[WhiteElo "1656"]
[BlackElo "1546"]
[PlyCount "45"]
[EventDate "2024.05.04"]
[WhiteTeam "She Plays To Win Uni"]
[BlackTeam "War and Piece B"]

1. e4 c5 2. c3 Nc6 3. d4 cxd4 4. cxd4 d5 5. exd5 Qxd5 6. Nf3 a6 7. Nc3 Qd8 8. d5 Nb8 9. Be3 Nf6 10. Bc4 Qd6 11. O-O Nbd7 12. Rb1 b5 13. Bb3 Bb7 14. Qd4 b4 15. Na4 Bxd5 16. Bf4 Qc6 17. Rbc1 Qb7 18. Rc7 Qb5 19. Rfc1 e6 20. Rc8+ Rxc8 21. Rxc8+ Ke7 22. Ne5 Qe2 23. Qxb4+ 1-0

[Event "4NCL Division Four"]
[Site "Telford, ENG"]
[Date "2024.05.04"]
[Round "9.114"]
[White "Collins, Nigel"]
[Black "Agarwal, Aditi"]
[Result "0-1"]
[WhiteElo "1488"]
[BlackElo "1743"]
[PlyCount "90"]
[EventDate "2024.05.04"]
[WhiteTeam "War and Piece B"]
[BlackTeam "She Plays To Win Uni"]

1. c4 Nf6 2. Nc3 g6 3. g3 Bg7 4. Bg2 d6 5. e4 O-O 6. Nge2 e5 7. O-O c6 8. d3 Nbd7 9. h3 Nc5 10. Rb1 a5 11. Be3 Nh5 12. g4 Nf6 13. f4 exf4 14. Bxf4 Nxg4 15. hxg4 Bxg4 16. Bf3 Bh3 17. Bg2 Bg4 18. Bf3 Bxf3 19. Rxf3 Ne6 20. Qe1 Nxf4 21. Rxf4 Be5 22. Rg4 h5 23. Rg2 h4 24. Kh1 Kg7 25. d4 h3 26. Rg1 Bf6 27. Qf2 Rh8 28. Rbf1 Rf8 29. Qg3 a4 30. Rf3 Bh4 31. Qg4 Ra5 32. Rxh3 Bf2 33. Rg2 Be1 34. Rh5 Rxh5+ 35. Qxh5 Rh8 36. Qxh8+ Qxh8+ 37. Rh2 Qe8 38. Kg2 Bxc3 39. Nxc3 Qe7 40. Kf1 Qf6+ 41. Ke1 Qxd4 42. Rd2 Qe3+ 43. Re2 Qd3 44. Rf2 a3 45. Na4 b5 0-1

[Event "4NCL Division Four"]
[Site "Telford, ENG"]
[Date "2024.05.04"]
[Round "9.115"]
[White "Dorman, Orla"]
[Black "Thomas, Jacob"]
[Result "1-0"]
[WhiteElo "1709"]
[BlackElo "1507"]
[PlyCount "100"]
[EventDate "2024.05.04"]
[WhiteTeam "She Plays To Win Uni"]
[BlackTeam "War and Piece B"]

1. e4 c5 2. Nf3 d6 3. c3 Nf6 4. Be2 a6 5. O-O e6 6. Qc2 Nbd7 7. d4 cxd4 8. cxd4 b5 9. Bf4 Be7 10. Nbd2 Bb7 11. e5 dxe5 12. dxe5 Nd5 13. Bg3 Rc8 14. Qd1 O-O 15. Nb3 Qc7 16. Rc1 Qb8 17. Qd2 Rc7 18. Rxc7 Qxc7 19. Rc1 Qb6 20. Qd4 Qxd4 21. Nfxd4 Bg5 22. Rc2 Bf4 23. Na5 Bxg3 24. hxg3 Ba8 25. Nac6 Rc8 26. f4 Bxc6 27. Rxc6 Rxc6 28. Nxc6 Nc5 29. Bf3 Nc7 30. b4 Nd3 31. Be4 Nc1 32. a3 g6 33. Nb8 Ne2+ 34. Kf2 Nd4 35. Ke3 Nf5+ 36. Bxf5 exf5 37. Kd4 Kf8 38. Kc5 Ke7 39. Kb6 Nd5+ 40. Kxa6 Nc3 41. Nc6+ Kd7 42. Nd4 h5 43. Nxb5 Ne4 44. Nd4 Nxg3 45. b5 Ne4 46. b6 Kc8 47. b7+ Kb8 48. Nc6+ Kc7 49. b8=Q+ Kxc6 50. Qb7+ Kc5 1-0

[Event "4NCL Division Four"]
[Site "Telford, ENG"]
[Date "2024.05.04"]
[Round "9.116"]
[White "Bradley, Eric"]
[Black "Ravi, Vash"]
[Result "0-1"]
[WhiteElo "1317"]
[BlackElo "1693"]
[PlyCount "100"]
[EventDate "2024.05.04"]
[WhiteTeam "War and Piece B"]
[BlackTeam "She Plays To Win Uni"]

1. e4 e6 2. Nf3 d5 3. e5 c5 4. b3 Nc6 5. Bb2 f6 6. Bb5 Bd7 7. Bxc6 Bxc6 8. d4 Bb5 9. Nbd2 c4 10. c3 cxb3 11. Qxb3 Ba6 12. Qa4+ Qd7 13. Qxd7+ Kxd7 14. Nb3 b6 15. a4 Nh6 16. a5 Be7 17. Ba3 Rhc8 18. Bxe7 Kxe7 19. Kd2 Bc4 20. axb6 axb6 21. Rxa8 Rxa8 22. Ra1 Rxa1 23. Nxa1 Bf1 24. g3 b5 25. Nc2 Ng4 26. h4 fxe5 27. Nxe5 Nxe5 28. dxe5 h5 29. Ke3 Kf7 30. Kd4 Kg6 31. Kc5 Bc4 32. Nd4 Bf1 33. Nxe6 Kf5 34. Kxd5 Bc4+ 35. Kc5 Kxe6 36. Kd4 Kf5 37. f4 g6 38. Ke3 Kg4 39. Kf2 Kh3 40. Kf3 Kh2 41. f5 gxf5 42. Kf4 Kg2 43. Kg5 Kxg3 44. Kxf5 Kxh4 45. Kf4 Be6 46. Kf3 Kg5 47. Kg3 Kf5 48. Kh4 Bf7 49. e6 Kxe6 50. Kg5 Kd5 0-1

[Event "4NCL Division Four"]
[Site "Telford, ENG"]
[Date "2024.05.04"]
[Round "9.122"]
[White "Michener, Max"]
[Black "Chapman, Timothy J"]
[Result "1/2-1/2"]
[WhiteElo "1546"]
[BlackElo "1759"]
[PlyCount "47"]
[EventDate "2024.05.04"]
[WhiteTeam "Barnet Knights C"]
[BlackTeam "Crowthorne B"]

1. e4 e6 2. d4 d5 3. exd5 exd5 4. Bd3 Nc6 5. c3 Bd6 6. Qc2 Nf6 7. Bg5 h6 8. Bh4
Qe7+ 9. Qe2 Qxe2+ 10. Nxe2 g5 11. Bg3 Ne4 12. Bxd6 Nxd6 13. Nd2 Bf5 14. Bxf5
Nxf5 15. O-O-O O-O-O 16. Rhe1 Rhe8 17. Ng1 Kd7 18. Ngf3 Rxe1 19. Rxe1 Re8 20.
Rxe8 Kxe8 21. Nb3 b6 22. g3 f6 23. Kd2 Ke7 24. h3 1/2-1/2

[Event "4NCL Division Four"]
[Site "Telford, ENG"]
[Date "2024.05.04"]
[Round "9.123"]
[White "Haslehurst, Harriet"]
[Black "Lee, Xander"]
[Result "1-0"]
[WhiteElo "1718"]
[BlackElo "1490"]
[PlyCount "51"]
[EventDate "2024.05.04"]
[WhiteTeam "Crowthorne B"]
[BlackTeam "Barnet Knights C"]

1. d4 d6 2. Nf3 Nf6 3. c4 g6 4. Nc3 Bg7 5. e4 O-O 6. Bg5 b6 7. Be2 Bb7 8. Qc2
Qd7 9. Rd1 e6 10. O-O a5 11. e5 Ne8 12. a3 f6 13. exf6 Nxf6 14. b4 axb4 15.
axb4 Nc6 16. Qb3 Ne7 17. Rfe1 Nf5 18. d5 exd5 19. cxd5 c5 20. dxc6+ Qf7 21.
Qxf7+ Rxf7 22. cxb7 Rxb7 23. Bc4+ Kf8 24. Nd5 Nd7 25. Ne7 Ne5 26. Bd5 1-0

[Event "4NCL Division Four"]
[Site "Telford, ENG"]
[Date "2024.05.04"]
[Round "9.124"]
[White "McLean, Rory"]
[Black "Gardner, Phillip K"]
[Result "1-0"]
[WhiteElo "1712"]
[BlackElo "1789"]
[PlyCount "77"]
[EventDate "2024.05.04"]
[WhiteTeam "Barnet Knights C"]
[BlackTeam "English Deaf Chess Association"]

1. d4 Nf6 2. c4 c5 3. d5 b5 4. Qc2 bxc4 5. e4 d6 6. Bxc4 g6 7. Nc3 Bg7 8. Nf3
Nbd7 9. O-O O-O 10. h3 Ne8 11. Re1 Nc7 12. Bf4 Ba6 13. b3 Qc8 14. Rab1 Rb8 15.
a4 Rb4 16. Na2 Rb8 17. Nc3 Rb6 18. Bxa6 Nxa6 19. Nb5 Qb7 20. Qd2 Nc7 21. Nxc7
Qxc7 22. Bh6 Rfb8 23. Bxg7 Kxg7 24. Qc3+ Kg8 25. Nd2 Rb4 26. f4 Rd4 27. Nf3
Rdb4 28. e5 Nb6 29. Qd3 Qb7 30. Rbd1 Nc8 31. exd6 Rxb3 32. Qc4 exd6 33. Re8+
Kg7 34. f5 Qb4 35. Qc1 Qxa4 36. f6+ Kxf6 37. Rg8 Re3 38. Rf1 Qe4 39. Nd2+ 1-0

[Event "4NCL Division Four"]
[Site "Telford, ENG"]
[Date "2024.05.04"]
[Round "9.125"]
[White "Ajimal, Jet"]
[Black "Horwood, Alexander"]
[Result "1-0"]
[WhiteElo "1690"]
[BlackElo "1438"]
[PlyCount "61"]
[EventDate "2024.05.04"]
[WhiteTeam "English Deaf Chess Association"]
[BlackTeam "Barnet Knights C"]

1. e4 c5 2. Nf3 d6 3. d4 cxd4 4. Nxd4 Nf6 5. Nc3 g6 6. f3 Bg7 7. Be3 O-O 8. Bc4
Nc6 9. Qd2 Bd7 10. O-O Rc8 11. Bb3 a6 12. Rfd1 Qc7 13. Rac1 Rfd8 14. Nd5 Nxd5
15. Bxd5 e6 16. Bb3 Qa5 17. Nxc6 Qxd2 18. Rxd2 Bxc6 19. c3 h6 20. Rcd1 Bf8 21.
Bf4 d5 22. exd5 exd5 23. Bxd5 Bc5+ 24. Kh1 Bxd5 25. Rxd5 Rxd5 26. Rxd5 Re8 27.
h3 Re1+ 28. Kh2 Bg1+ 29. Kg3 h5 30. Be5 Re2 31. Rd8+ 1-0

[Event "4NCL Division Four"]
[Site "Telford, ENG"]
[Date "2024.05.04"]
[Round "9.126"]
[White "Wen, Liana"]
[Black "Fletcher, Ben J"]
[Result "0-1"]
[WhiteElo "1430"]
[BlackElo "1356"]
[PlyCount "52"]
[EventDate "2024.05.04"]
[WhiteTeam "Barnet Knights C"]
[BlackTeam "English Deaf Chess Association"]

1. Nf3 d5 2. d4 Nf6 3. e3 c5 4. Nc3 Nc6 5. a3 Bg4 6. h3 Bxf3 7. gxf3 cxd4 8.
exd4 Qb6 9. Bb5 e6 10. b3 Be7 11. Rg1 g6 12. Bh6 Qc7 13. Qc1 Qh2 14. Bxc6+ bxc6
15. Ne2 Qxh3 16. Qf4 Rg8 17. Qc7 Rd8 18. Qxc6+ Nd7 19. Bd2 Kf8 20. Qa4 Nf6 21.
O-O-O Kg7 22. Qxa7 Rge8 23. Rh1 Qxf3 24. a4 Qxe2 25. Bh6+ Kg8 26. f4 Rc8 0-1

[Event "4NCL Division Four"]
[Site "Telford, ENG"]
[Date "2024.05.04"]
[Round "9.127"]
[White "MacLeod, Alasdair"]
[Black "Coates, Kenneth G"]
[Result "0-1"]
[WhiteElo "1831"]
[BlackElo "1932"]
[PlyCount "60"]
[EventDate "2024.05.04"]
[WhiteTeam "English Deaf Chess Association"]
[BlackTeam "Crowthorne B"]

1. e4 e5 2. Nf3 Nc6 3. Bc4 Nf6 4. Ng5 d5 5. exd5 b5 6. Bxb5 Qxd5 7. Bf1 Bg4 8.
Nc3 Qd7 9. f3 Bf5 10. Bb5 Bc5 11. Qe2 O-O 12. Qc4 Qd4 13. Qe2 Nb4 14. d3 c6 15.
Bc4 Nxc2+ 16. Qxc2 Qxc4 17. dxc4 Bxc2 18. Bd2 Rad8 19. Rc1 Bg6 20. Nh3 Rfe8 21.
Bg5 e4 22. f4 e3 23. Bxf6 gxf6 24. g4 Be4 25. Nxe4 Rxe4 26. Rc2 Bb4+ 27. Ke2
Rd2+ 28. Kf3 Rxc2 29. Kxe4 e2 30. Kd3 Rxb2 0-1

[Event "4NCL Division Four"]
[Site "Telford, ENG"]
[Date "2024.05.04"]
[Round "9.128"]
[White "Leadbetter, Scott"]
[Black "David, Barry A H"]
[Result "1/2-1/2"]
[WhiteElo "1747"]
[BlackElo "1691"]
[PlyCount "100"]
[EventDate "2024.05.04"]
[WhiteTeam "Crowthorne B"]
[BlackTeam "English Deaf Chess Association"]

1. e4 e6 2. Nf3 d5 3. e5 c5 4. d4 cxd4 5. Nxd4 a6 6. c3 Qc7 7. f4 Bc5 8. b4 Ba7
9. Ba3 Bd7 10. b5 Bc5 11. Qb3 a5 12. Bxc5 Qxc5 13. a4 b6 14. Nd2 Nh6 15. Bd3
O-O 16. Rc1 g6 17. Qc2 Qe7 18. N2f3 Nf5 19. Bxf5 exf5 20. Qb3 Be6 21. O-O Nd7
22. Nc6 Qc5+ 23. Nfd4 Rfe8 24. Kh1 Qf8 25. Rfd1 Nc5 26. Qa2 Ne4 27. Rd3 Qh6 28.
Rf1 Qf8 29. c4 dxc4 30. Nxe6 fxe6 31. Qxc4 Rac8 32. Qd4 Qc5 33. Qxc5 Nxc5 34.
Rd4 Nb3 35. Rd7 Nc5 36. Ne7+ Kf8 37. Nxc8 Nxd7 38. Nd6 Rd8 39. Rc1 Nc5 40. Rc4
Ke7 41. g3 h6 42. Kg2 g5 43. g4 gxf4 44. gxf5 exf5 45. Nxf5+ Ke6 46. Nxh6 Rd2+
47. Kg1 Kxe5 48. Ng4+ Kf5 49. Nf2 Ra2 50. h4 Ra1+ 1/2-1/2

[Event "4NCL Division Four"]
[Site "Telford, ENG"]
[Date "2024.05.04"]
[Round "9.129"]
[White "Masterson, Desmond"]
[Black "McKean, Matthew"]
[Result "0-1"]
[WhiteElo "1601"]
[BlackElo "1564"]
[PlyCount "58"]
[EventDate "2024.05.04"]
[WhiteTeam "English Deaf Chess Association"]
[BlackTeam "Crowthorne B"]

1. e4 e5 2. Nf3 Nc6 3. d4 exd4 4. Nxd4 Nf6 5. Nxc6 bxc6 6. Bd3 d5 7. exd5 cxd5
8. O-O Be7 9. b3 O-O 10. Bb2 Re8 11. Nc3 c5 12. Qf3 Bg4 13. Qg3 Bd6 14. f4 Qd7
15. Qf2 Ne4 16. Nxe4 dxe4 17. Be2 Bxe2 18. Qxe2 Rad8 19. Rad1 Qe6 20. f5 Qc8
21. Qg4 Be5 22. Bxe5 Rxe5 23. Rxd8+ Qxd8 24. Qe2 Qd4+ 25. Kh1 h6 26. Qg4 e3 27.
Qxd4 cxd4 28. g4 Rc5 29. Rc1 e2 0-1